[Event "Maribor Pirc Memorial"]
[Site "Maribor"]
[Date "1994.??.??"]
[Round "5"]
[White "Sermek, Drazen"]
[Black "Farago, Ivan"]
[Result "1/2-1/2"]
[WhiteElo "2520"]
[BlackElo "2515"]
[Annotator "Knaak,R"]
[PlyCount "70"]
[EventDate "1994.02.??"]
[EventType "tourn"]
[EventRounds "11"]
[EventCountry "SLO"]
[EventCategory "9"]
[SourceTitle "CBM 040"]
[Source "ChessBase"]
[SourceDate "1994.06.01"]
[SourceVersion "1"]
[SourceVersionDate "1994.06.01"]
[SourceQuality "1"]

1. e4 e6 2. d4 d5 3. Nd2 Nf6 4. Bd3 c5 5. e5 Nfd7 6. c3 Nc6 7. Ne2 Qb6 8. Nf3
cxd4 9. cxd4 f6 10. exf6 Nxf6 11. O-O Bd6 12. Nc3 O-O 13. Bg5 Bd7 14. Re1 Kh8
15. Bc2 Rac8 $5 $146 (15... Rae8 {Das ist der Platz für den Bd7 This is the
place for the Bd7} 16. a3 Re7 (16... a5 $2 17. Qd3 $16 Re7 $2 18. Bxf6 gxf6 19.
Nxd5 $1 {1-0/Blodstein,A-Danielian,O/Voroshilovgrad/1989/}) 17. b4 Be8 18. b5
Nd8 19. Ne5 Nf7 20. Bh4 Qc7 21. Bg3 Bxe5 22. dxe5 Qxc3 23. Re3 Qc5 24. exf6
gxf6 25. Rc1 Qb6 26. Qh5 $44 {Arnason,J-Haugli,P/Aabybro/1989/}) 16. a3 Ne7 17.
Rb1 Be8 18. Qe2 (18. Rxe6 $2 Bxh2+ $19) 18... Bh5 $1 (18... Bf7 19. Ne5 $16)
19. Qxe6 Bxf3 (19... Ne4 20. Bxe4 $5 Bxh2+ 21. Nxh2 Qxe6 22. Bxd5 Qf5 23. Bxe7
Qxf2+ 24. Kh1 $13) 20. gxf3 Ne4 $1 21. Qg4 (21. f4 $2 Nxg5 22. fxg5 Qxd4 23.
Qxd6 Qxf2+ (23... Rxf2 $4 24. Re4 $1 $18) 24. Kh1 Qf3+ 25. Kg1 Rf4 $1 $19)
21... Nxg5 22. Qxg5 Rf6 $44 (22... Qxd4 23. Rxe7 (23. Nb5 $6 Bxh2+ 24. Kg2 Qf4
25. Qxf4 Bxf4 26. Rxe7 Rxc2 $15) 23... Bxe7 24. Qxe7 Rxf3 25. Qe2 Rcf8 26. Rf1
$13) 23. Qg4 Rd8 {>< Pd5} 24. Re3 Ng8 25. Rbe1 Bf8 (25... Qxb2 $5 $13) 26. Re8
Rxe8 27. Rxe8 Qxb2 28. Nxd5 Rf7 29. Qh5 $6 (29. Be4 $5 Qxa3 30. Kg2 Nh6 (30...
g6 31. Qe6 Rg7 32. Nf6 $18) 31. Qc8 {/\ 32.Ne7+-}) 29... g6 $1 30. Bxg6 $2 (30.
Qe5+ Bg7 31. Qb8 Qc1+ 32. Kg2 Qg5+ $10) 30... Rg7 31. Qe5 (31. Rxf8 Qb1+ 32.
Kg2 Rxg6+ 33. Kh3 Qf1+ 34. Kh4 Qxf2+ 35. Kh3 Qg2+ 36. Kh4 Qxh2#) 31... Qxa3 $2
(31... Qb1+ $19) 32. Nf4 hxg6 $2 (32... Bd6 $19) 33. Ne6 $10 Qxf3 34. h3 Qxh3
35. f3 Qf5 (35... Qf5 36. Nxf8 Qxe5 37. dxe5 $13) 1/2-1/2

[Event "Interzonal-15"]
[Site "Manila"]
[Date "1990.??.??"]
[Round "11"]
[White "Rachels, Stuart"]
[Black "Arencibia Rodriguez, Walter"]
[Result "1/2-1/2"]
[WhiteElo "2475"]
[BlackElo "2555"]
[Annotator "Knaak,R"]
[PlyCount "115"]
[EventDate "1990.06.29"]
[EventType "swiss"]
[EventRounds "13"]
[EventCountry "PHI"]
[SourceTitle "CBM 019"]
[Source "ChessBase"]
[SourceDate "1990.12.01"]
[SourceVersion "1"]
[SourceVersionDate "1990.12.01"]
[SourceQuality "1"]

1. e4 e6 2. d4 d5 3. Nd2 Nf6 4. e5 Nfd7 5. c3 c5 6. Ngf3 Nc6 7. Bd3 Be7 (7...
cxd4 8. cxd4 f6 $1 {CBM 18}) 8. O-O g5 $5 9. dxc5 (9. h3 h5 $13) (9. Bb5 cxd4
10. Nxd4 Ndxe5 11. Qh5 $44 {Gipslis-Ulybin/URS/1988/i46/(349)}) 9... Nxc5 (9...
g4 10. Nd4 Ncxe5 11. Bb5 Bxc5 12. f4 Nc6 13. N2b3 Qb6 14. Bxc6 bxc6 15. Nxc5
Nxc5 16. Qxg4 Ba6 17. Re1 O-O-O $13) 10. Bb5 Bd7 11. Qe2 a6 12. Bxc6 bxc6 13.
c4 $14 Rb8 14. b3 Qa5 15. Qe3 Rg8 16. Nd4 g4 17. f4 gxf3 18. N2xf3 Rg6 19. Bd2
Qb6 20. b4 Ne4 21. c5 Qc7 22. Qf4 Nxd2 23. Qxd2 Kf8 24. Ne2 a5 25. a3 axb4 26.
axb4 Rg4 27. Nf4 Kg8 28. h3 Rg3 29. Nh5 Rxf3 30. Rxf3 Qxe5 31. Raf1 Qxh5 32.
Rxf7 Re8 33. Qf2 Qg5 34. h4 Qh6 35. Qg3+ Qg6 36. Qc7 Kh8 37. Qxd7 Rg8 38. R7f2
Bxh4 39. Re2 e5 40. Qf5 e4 41. b5 Be7 42. Qe5+ Qg7 43. Qxg7+ Kxg7 44. bxc6
Bxc5+ 45. Kh1 Rc8 46. Rf5 Rxc6 47. g4 Rd6 48. Kg2 Bb6 49. Rd2 Rg6 50. Rdxd5
Rxg4+ 51. Kh3 Rg6 52. Rd7+ Kh6 53. Kh4 Re6 54. Rh5+ Kg6 55. Rdxh7 Bd4 56. R7h6+
Kf7 57. Rxe6 Kxe6 58. Kg4 1/2-1/2

[Event "RUS-Cup6"]
[Site "Krasnodar"]
[Date "1997.03.16"]
[Round "6"]
[White "Asrian, Karen"]
[Black "Ulybin, Mikhail"]
[Result "1-0"]
[WhiteElo "2440"]
[BlackElo "2555"]
[Annotator "Knaak,R"]
[PlyCount "85"]
[EventDate "1997.03.11"]
[EventType "swiss"]
[EventRounds "9"]
[EventCountry "RUS"]
[SourceTitle "EXT 2000"]
[Source "ChessBase"]
[SourceDate "1999.11.16"]
[SourceVersion "1"]
[SourceVersionDate "1999.11.16"]
[SourceQuality "1"]

1. e4 e6 2. d4 d5 3. Nd2 Nf6 4. e5 Nfd7 5. c3 c5 6. Bd3 Nc6 7. Ne2 cxd4 8. cxd4
f6 9. exf6 Qxf6 {Das ist nach wie vor der Modezug.} 10. Nf3 h6 11. O-O Bd6 {
Die nächsten schwarzen Züge sind klar: 0-0, Rd8 und Nf8. Weiß kann dies bei
seinem Plan gut berücksichtigen.} 12. Bb1 O-O 13. Ng3 Rd8 14. Re1 Nf8 15. Ne5
$1 $14 {Die Besetzung dieses Feldes und das Befestigen desselben führen in der
Regel zu klarem Vorteil für Weiß. So auch hier. Schwarz ist in der Folge ohne
richtiges Spiel.} Qh4 (15... Bd7 16. f4 Rac8 17. Be3 Be8 18. Qd3 Bxe5 19. fxe5
Qe7 20. Qe2 Bg6 21. Bxg6 Nxg6 22. Qg4 Kh7 23. Rf1 Rf8 24. a3 a5 25. Rxf8 Nxf8
26. Qe2 {... 1-0 Rublevsky,S-Ivanov,S/RUS-ch m5-8 1997/CBM 59}) ({Der Zug 15.
Ne5 ist auch taktisch gerechtfertigt, denn:} 15... Nxe5 $2 16. dxe5 Bxe5 17.
Nh5 Bxh2+ 18. Kxh2 Qxf2 19. Qg4 $18) 16. Nf3 Qf6 17. Ne5 Qh4 18. f4 Bd7 (18...
Bxe5 19. dxe5 $14) 19. Be3 Be8 20. a3 Rac8 21. Qd2 b6 22. Ba2 Ne7 23. Rf1 Bg6
24. Bb3 Bxe5 $1 25. dxe5 (25. fxe5 $1 Nf5 26. Nxf5 Bxf5 27. Rf4 Qe7 {scheint
mir etwas besser für Weiß zu sein, wenngleich mir ein klarer Spielplan nicht
ersichtlich ist.}) 25... Nf5 {Ich glaube, Schwarz hat jetzt ausgeglichen.} (
25... Nd7 $2 26. Bf2 Nc5 27. Nf5 Nxb3 28. Bxh4 Nxd2 29. Nxe7+ Kh7 30. Nxc8 $16
{[%cal Rh4d8]}) 26. Ne2 {Die Fragen, ob überhaupt abzutauschen ist, und wenn
ja, welche Figuren, sind hier m.E. sehr wichtig. In der Partie tauscht Schwarz
nichts und wird glatt überspielt. Auch der später mögliche Tausch des Bg6
gegen den Ne2 hätte zu klarem Nachteil geführt, denn die Springer haben nicht
so tolle Felder, daß sie es mit den Läufern aufnehmen könnten. Hier und jetzt
bestand aber die Möglichkeit, einen Springer gegen einen Läufer zu tauschen.}
Bh5 $6 (26... Nxe3 $1 27. Qxe3 $11) 27. Bf2 $1 Qe7 28. h3 Bg6 29. Rac1 h5 30.
Bc2 $16 Qf7 31. Nc3 Ne7 32. Bb3 Qe8 33. Bh4 Rc5 $6 34. Ba4 $1 $18 Qf7 35. Nb5
Rxb5 36. Bxb5 Rc8 37. Rxc8 Nxc8 38. Rc1 Qb7 39. Qc3 Ne7 40. Qc7 Qxc7 41. Rxc7
Nf5 42. Bf2 d4 43. Rxa7 1-0

[Event "Helsinki op"]
[Site "Helsinki"]
[Date "1992.??.??"]
[Round "8"]
[White "Lyrberg, Patrik"]
[Black "Moskalenko, Viktor"]
[Result "1/2-1/2"]
[WhiteElo "2425"]
[BlackElo "2535"]
[Annotator "Knaak,R"]
[PlyCount "105"]
[EventDate "1992.09.??"]
[EventType "swiss"]
[EventRounds "9"]
[EventCountry "FIN"]
[SourceTitle "CBM 032"]
[Source "ChessBase"]
[SourceDate "1993.02.01"]
[SourceVersion "1"]
[SourceVersionDate "1993.02.01"]
[SourceQuality "1"]

1. e4 e6 2. d4 d5 3. Nd2 Nf6 4. e5 Nfd7 5. Bd3 c5 6. c3 Nc6 7. Ne2 cxd4 8. cxd4
f6 9. exf6 Nxf6 10. Nf3 Bd6 11. O-O O-O 12. Bf4 Nh5 $5 13. Bxd6 Qxd6 14. Ng3 (
14. Qd2 Bd7 15. Rad1 (15. Qe3 $5) 15... Rxf3 $1 16. gxf3 Rf8 17. Qe3 e5 18.
dxe5 Nxe5 $13 {Wolff-Moskalenko/Wijk-B/1992/CBM-28/VC}) 14... Nf4 15. Re1 Bd7
16. a3 a6 17. Rc1 Rae8 (17... Be8 $5) 18. Bf1 e5 $10 (18... h6 {/\ Rf7, Ref8})
19. dxe5 Nxe5 20. Nxe5 Rxe5 21. Qd4 Rxe1 22. Rxe1 Qf6 23. Rd1 Bc6 24. Qxf6 Rxf6
25. Ne2 Nxe2+ 26. Bxe2 Kf7 27. Bd3 h6 28. f3 Ke6 29. Kf2 g5 30. Ke3 Ke5 31. Bc2
Rf4 32. Rc1 Rf6 33. Rd1 Rf4 34. Rc1 Rf6 35. Rd1 Re6 36. Bd3 Bd7 37. Rc1 Rb6 38.
b4 Rc6 39. Re1 Rf6 40. g3 Bc6 41. Be2 Re6 42. Rd1 Kd6+ 43. Kf2 Re8 44. Rd4 Ke5
45. Ke3 Bb5 46. Bxb5 axb5 47. h4 Ra8 48. hxg5 hxg5 49. f4+ gxf4+ 50. gxf4+ Kd6
51. Rd3 Re8+ 52. Kf3 Re1 53. Rc3 1/2-1/2

[Event "Moscow Alekhine op"]
[Site "Moscow"]
[Date "1992.??.??"]
[Round "?"]
[White "Gipslis, Aivars P"]
[Black "Ulybin, Mikhail"]
[Result "1/2-1/2"]
[WhiteElo "2465"]
[BlackElo "2570"]
[Annotator "Knaak,R"]
[PlyCount "100"]
[EventDate "1992.10.??"]
[EventType "swiss"]
[EventRounds "9"]
[EventCountry "RUS"]
[SourceTitle "CBM 033"]
[Source "ChessBase"]
[SourceDate "1993.04.01"]
[SourceVersion "1"]
[SourceVersionDate "1993.04.01"]
[SourceQuality "1"]

1. e4 e6 2. d4 d5 3. Nd2 Nf6 4. e5 Nfd7 5. c3 c5 6. Ngf3 Nc6 7. Bd3 Be7 8. O-O
g5 9. b4 $6 $146 cxd4 10. cxd4 Nxb4 11. Be2 Nf8 12. Nb3 Ng6 13. Be3 Kf8 (13...
Bd7 $5) 14. Qd2 h6 15. h4 gxh4 (15... g4 $2 16. Bxh6+ Kg8 17. Nh2 $16) 16.
Bxh6+ Kg8 17. Be3 b6 18. a3 Nc6 19. Bd3 $44 Rh5 $6 20. Nh2 a5 21. Nc1 a4 (21...
Ba6 $2 22. Bxa6 Rxa6 23. Qe2 $18) 22. Qe2 Rh8 23. Qg4 Kg7 24. Ne2 Ba6 25. Bxa6
Rxa6 26. f4 f5 27. exf6+ Bxf6 28. f5 exf5 29. Rxf5 Qe7 (29... Nce7 $6 30. Nf4
b5 31. Rf1 $16 {/\ Nh5}) 30. Bg5 Bxg5 31. Rxg5 Qe4 $10 32. Rf1 Qxg4 33. Nxg4
Nce7 34. Ne5 b5 35. Nf4 Rf8 36. Nexg6 Nxg6 37. Nxd5 Rxf1+ 38. Kxf1 Rc6 39. Ne3
Rc3 40. Kf2 Rxa3 41. Rxb5 Rb3 42. Ra5 a3 43. Kf3 Ne7 44. Ra7 Kf8 45. Ra8+ Kf7
46. Ke4 Nc6 47. Nc4 h3 48. gxh3 Rxh3 49. Ne5+ Nxe5 50. Kxe5 Ke7 1/2-1/2

[Event "DDR-ch29 Final"]
[Site "Plauen"]
[Date "1980.02.15"]
[Round "12"]
[White "Tischbierek, Raj"]
[Black "Knaak, Rainer"]
[Result "1-0"]
[WhiteElo "2365"]
[BlackElo "2535"]
[Annotator "Knaak,R"]
[PlyCount "83"]
[EventDate "1980.02.03"]
[EventType "tourn"]
[EventRounds "15"]
[EventCountry "DDR"]
[EventCategory "5"]
[SourceTitle "MCL"]
[Source "ChessBase"]
[SourceDate "1999.07.01"]
[SourceVersion "1"]
[SourceVersionDate "1999.07.01"]
[SourceQuality "1"]

1. e4 e6 $1 2. d4 d5 3. Nd2 Nf6 4. e5 Nfd7 5. Bd3 c5 6. c3 Nc6 7. Ngf3 Qb6 8.
O-O Be7 (8... cxd4 {Die Annahme des Opfers kann nach} 9. cxd4 Nxd4 10. Nxd4
Qxd4 11. Nf3 Qb6 12. Qa4 Qb4 13. Qc2 Qc5 {zum Remis führen.} 14. Qb1 $5 {
Tschiburdanidse}) 9. Qa4 $6 {Der Witz der Stellung liegt gerade darin, daß
Schwarz auf d4 schlägt, wenn es nötig ist.} (9. Re1 cxd4 10. cxd4 Nxd4 11. Nxd4
Qxd4 12. Nf3 Qb6 13. Qc2 h6 14. Qa4 Bf8 {und Weiß stand besser (Hort-Dobosz).
Schwarz kann jedoch nach 9.Te1 auch abwarten: 9...h6.}) (9. a3 a5 {Dies
analysierten wir nach der Partie. Auf} 10. Qa4 {kann dann} c4 11. Bb1 Qc7 {
nebst b5, b4 folgen.}) 9... a6 $1 10. Bb1 {Droht, auf c5 zu nehmen.} cxd4 11.
cxd4 Qa7 $1 {Das ist die Idee von 9...a6. Der d4 fällt nun, ohne daß die weiße
Dame auf das Idealfeld g4 gelangt.} 12. Qb3 Nxd4 13. Nxd4 Qxd4 14. Nf3 Qb6 15.
Qd3 h6 16. Qe2 Nb8 $5 17. Be3 Qc7 18. Bd3 Nc6 19. Rac1 Bd7 20. Bd2 Qb6 21. Be3
Qd8 22. h4 $2 {Nach 22.a3 oder 22.Ld2 hat es Schwarz schwerer.} Nb4 $1 23. Nd4
Nxd3 24. Qxd3 Bxh4 {Zwei Bauern mehr und der weißfeldrige Läufer fehlt beim
Gegner. Also totale Gewinnstellung?} 25. f4 g6 (25... Bg3 {hat auch seine
Ecken:} 26. Rf3 $1 Qh4 27. Rc7 Rc8 (27... Rb8 28. Bf2 Bxf2+ 29. Rxf2 $13) 28.
Rxb7 Qh2+ 29. Kf1 Qh1+ 30. Ke2 $1 Qxg2+ 31. Bf2) 26. g4 Be7 (26... h5 27. g5
Bg3 {Weiß gewinnt zumindest den h4 zurück, ungleichfarbige Läufer sind möglich.
}) 27. Rf2 $1 {Hier hatte er schon an der Aufgabe überlegt.} Rc8 $2 {Die zwei
Mehrbauern und das Läuferpaar verleiten zu dem Gedanken, daß es einfach ist,
aber man muß sehr genau spielen. Richtig war 27...h5:} (27... h5 28. Rh2 $8 Rc8
{und Weiß kann nicht gefahrlos den h-Bauern gewinnen.}) 28. Rxc8 Qxc8 29. Rc2
Qb8 $2 (29... Qd8 {war hier genauer, um die Möglichkeit Da5 zu haben.}) 30. Qc3
$1 g5 $2 {An diesem Zug rechnete ich sogar 18 Minuten, aber ich zog nur die
Möglichkeit 31.Dc7 in Betracht. Ein Gewinn ist aber schon sehr schwer:} (30...
h5 31. g5 $1 (31. Rh2 Qc8) 31... Qd8 $5 32. Qc7 (32. Qb3 Qa5 33. Bd2 Qa4 34.
Rc8+ Bd8 35. Qxa4 Bxa4 36. Ba5 (36. b3 Kd7 $13) 36... Kd7 37. Rb8 Bc6) 32... b6
33. Qb7 (33. Qxd8+ Bxd8 34. Nc6 Bc7 $1 35. Na7 Kd8 {/\Kc8 usw.}) 33... Bc5 34.
b4 Bxb4 35. Nc6 Bxc6 36. Qxc6+ Kf8 {, aber das alles ist nicht klar.}) 31. Nf5
$1 gxf4 $4 {Obwohl ich nochmals 18 Minuten nachdachte, dieser grobe Verlustzug.
Dabei sah ich} (31... exf5 32. e6 Rg8 33. exd7+ Kxd7 34. Qd3 $8 Qd6 35. Bc5
Qxc5+ $8 {, aber ich meinte, höchstens ein Remis erreichen zu können. Die
Fehleinschätzung beruht vor allem darauf, daß mein Textzug überhaupt keine
Chance bietet. In Wirklichkeit habe ich nach} 36. Rxc5 Bxc5+ 37. Kf1 Kc6 38.
Qxf5 Bd6 {das Remis so gut wie sicher. Noch stärker ist aber 34..Td8 (statt 34.
..Dd6):}) (31... exf5 32. e6 Rg8 33. exd7+ Kxd7 34. Qd3 Rd8 {Falls ich diesen
Zug während der Partie überhaupt berechnete, so verwarf ich ihn wohl wegen} 35.
Bb6 {, jedoch nach} Qxf4 {hat man in allen Varianten zumindest gute
Remischancen. Etwa} 36. Qxd5+ (36. Bxd8 Qxg4+ 37. Kf1 Qf4+ 38. Rf2 Qc1+ 39. Kg2
Kxd8 40. Rc2 Qf4 {usw.}) 36... Qd6 37. Qxf5+ Ke8 38. Bxd8 Bxd8 {und der weiße
König steht auch offen.}) 32. Bxf4 Bg5 (32... Rg8 33. Nd6+ Bxd6 34. exd6 Rxg4+
35. Kh1 {und ich stehe auf Matt.}) 33. Nd6+ Kf8 34. Bxg5 hxg5 35. Qf3 {Der Nd6
garantiert den Sieg.} f5 36. gxf5 exf5 37. Qxd5 Qa7+ 38. Rf2 Rh7 39. e6 Bxe6
40. Qxe6 f4 41. Qe8+ Kg7 42. Qf7+ 1-0

[Event "Cheliabinsk"]
[Site "Cheliabinsk"]
[Date "1991.??.??"]
[Round "?"]
[White "Lhagvasuren, Cedendemberel"]
[Black "Gleizerov, Evgeny"]
[Result "0-1"]
[WhiteElo "2350"]
[BlackElo "2485"]
[Annotator "Knaak,R"]
[PlyCount "54"]
[EventDate "1991.??.??"]
[EventType "tourn"]
[EventRounds "11"]
[EventCountry "URS"]
[EventCategory "7"]
[SourceTitle "CBM 025"]
[Source "ChessBase"]
[SourceDate "1991.12.01"]
[SourceVersion "1"]
[SourceVersionDate "1991.12.01"]
[SourceQuality "1"]

1. e4 e6 2. d4 d5 3. Nd2 Nf6 4. e5 Nfd7 5. c3 c5 6. Bd3 Nc6 7. Ne2 cxd4 8. cxd4
f6 9. exf6 Nxf6 10. O-O Bd6 11. Nf3 O-O 12. Bf4 Bxf4 13. Nxf4 Ne4 14. Ne2 Rxf3
15. gxf3 Ng5 16. Kh1 e5 17. dxe5 Nxf3 18. Ng1 (18. Bxh7+ $1 $13 Kh8 19. Ng1
Ncd4 $1 {Kholmov-Ulibin/Soci-A/1989/CBM16/VC Timoshenko-Gleizerov/Cheliabinsk/
1990/i49/316}) 18... Nfxe5 $44 19. Be2 Bf5 20. Qd2 d4 21. Rfe1 Qd5+ 22. f3 d3
23. Bf1 Rd8 24. b3 Ng6 25. Rac1 Nce5 26. Rc3 Qd4 27. Rcc1 $4 Qxg1+ $1 0-1

[Event "Cheliabinsk"]
[Site "Cheliabinsk"]
[Date "1991.??.??"]
[Round "?"]
[White "Kholmov, Ratmir D"]
[Black "Masternak, Grzegorz"]
[Result "1-0"]
[WhiteElo "2445"]
[BlackElo "2320"]
[Annotator "Knaak,R"]
[PlyCount "117"]
[EventDate "1991.??.??"]
[EventType "tourn"]
[EventRounds "11"]
[EventCountry "URS"]
[EventCategory "7"]
[SourceTitle "CBM 025"]
[Source "ChessBase"]
[SourceDate "1991.12.01"]
[SourceVersion "1"]
[SourceVersionDate "1991.12.01"]
[SourceQuality "1"]

1. e4 e6 2. d4 d5 3. Nd2 Nf6 4. e5 Nfd7 5. Bd3 c5 6. c3 Nc6 7. Ne2 cxd4 8. cxd4
f6 9. exf6 Nxf6 10. O-O Bd6 11. Nf3 Qc7 12. h3 O-O 13. Be3 {Ein sehr sicherer
Aufbau.} Bd7 14. Rc1 Rae8 15. Re1 $14 Qb8 16. Nc3 a6 17. Na4 Re7 18. Nc5 Be8
19. a3 e5 $2 (19... Bh5 $2 20. Nxa6 bxa6 21. Rxc6) (19... Qa8 $5 {/\ 20...Bh5})
20. dxe5 Nxe5 21. Be2 Bh5 22. Nxe5 Bxe2 23. Rxe2 Bxe5 24. Nd3 Rfe8 25. Nxe5
Qxe5 26. Qb3 Ne4 27. Rd1 Rd7 28. Bd4 $16 {>< Pd5} Qh5 29. Rde1 Qf7 30. f3 Nd6
31. Rxe8+ Nxe8 32. Re5 Nf6 33. Qe3 h6 34. Kh2 Kh7 35. g4 Rc7 36. Kg3 Kg8 37.
Rf5 Rc6 38. h4 Qc7+ 39. Be5 Qe7 40. Qd2 Qc5 41. Qd4 Qxd4 42. Bxd4 Rd6 43. b4
Nd7 44. h5 b6 45. Kf2 Nf8 46. Ke3 Ne6 47. f4 Nf8 48. a4 Ne6 49. a5 b5 50. g5
hxg5 51. fxg5 g6 52. hxg6 Nxd4 53. Kxd4 Rc6 54. Kxd5 Rc4 55. Rf6 Rxb4 56. Rxa6
Rg4 57. Rb6 Rxg5+ 58. Kd4 b4 59. a6 1-0

[Event "Cheliabinsk"]
[Site "Cheliabinsk"]
[Date "1991.??.??"]
[Round "?"]
[White "Masternak, Grzegorz"]
[Black "Ulybin, Mikhail"]
[Result "0-1"]
[WhiteElo "2320"]
[BlackElo "2465"]
[Annotator "Knaak,R"]
[PlyCount "44"]
[EventDate "1991.??.??"]
[EventType "tourn"]
[EventRounds "11"]
[EventCountry "URS"]
[EventCategory "7"]
[SourceTitle "CBM 025"]
[Source "ChessBase"]
[SourceDate "1991.12.01"]
[SourceVersion "1"]
[SourceVersionDate "1991.12.01"]
[SourceQuality "1"]

1. e4 e6 2. d4 d5 3. Nd2 Nf6 4. e5 Nfd7 5. c3 c5 6. Bd3 Nc6 7. Ne2 cxd4 8. cxd4
f6 9. exf6 Nxf6 10. O-O Bd6 11. f4 Qb6 12. Nf3 O-O (12... e5 $6 13. fxe5 Nxe5
$6 (13... Bxe5 $14) 14. Nxe5 Bxe5 15. Bb5+ $1 Bd7 16. Bxd7+ Nxd7 17. Qe1 $1 $16
) 13. Kh1 Bd7 14. Nc3 Ne7 15. Ne5 {>= 15.a3} Be8 16. g4 $2 Rd8 $1 {>< Pd4} 17.
a3 $6 Ne4 $1 18. Bxe4 (18. Ne2 Bxe5 19. fxe5 Nf2+ $19) (18. Kg2 Qxd4 19. Bxe4
Bxe5 20. fxe5 dxe4 $19) 18... dxe4 19. Qe2 Nd5 20. Nxd5 exd5 21. Qe3 Bxe5 22.
dxe5 d4 0-1

[Event "Bonn GSK"]
[Site "Bonn"]
[Date "1995.??.??"]
[Round "5"]
[White "Kveinys, Aloyzas"]
[Black "Grimm, Sascha"]
[Result "1-0"]
[WhiteElo "2525"]
[BlackElo "2315"]
[Annotator "Knaak,R"]
[PlyCount "85"]
[EventDate "1995.??.??"]
[EventType "tourn"]
[EventRounds "11"]
[EventCountry "GER"]
[EventCategory "8"]
[SourceTitle "CBM 045"]
[Source "ChessBase"]
[SourceDate "1995.04.01"]
[SourceVersion "1"]
[SourceVersionDate "1995.04.01"]
[SourceQuality "1"]

1. e4 e6 2. d4 d5 3. Nd2 Nf6 4. e5 Nfd7 5. c3 c5 6. Bd3 Nc6 7. Ne2 cxd4 8. cxd4
f6 9. exf6 Nxf6 10. Nf3 Bd6 11. O-O Qc7 12. Re1 O-O 13. g3 Nh5 (13... Bd7 14.
Bf4 Rae8 15. Rc1 Qb8 (15... Bxf4 16. Nxf4 Qb6 17. Qd2 Nxd4 18. Nxd4 e5 19. Nxd5
Nxd5 20. Nf3 Rxf3 21. Be4 Rf6 22. Bxd5+ Kh8 23. Qe3 {Kveinys,A-Djurhuus,R/Oslo
(02) ;CBM 30 1992/1-0 (52)}) 16. Bb1 Re7 17. Bxd6 Qxd6 18. Nf4 Qb4 19. Rc3 Bc8
20. Nd3 Qb6 21. Nde5 Nxe5 22. dxe5 {Hunt,H-McDonald,N/BCF-ch (02) ;TD 93\10
1993/0-1 (57)}) (13... e5 14. dxe5 Nxe5 15. Nxe5 Bxe5 16. Bf4 Bg4 17. Rc1 Qd6
18. Qb3 Nd7 19. Be4 Be6 20. Bxe5 Nxe5 21. Nf4 dxe4 22. Nxe6 {Li,R-Pitem,E/
WchJW U16 Bratislava (10) ;TD 93\05 1993/1-0 (71)}) 14. Ng5 g6 15. f4 Qb6 16.
Kg2 e5 (16... Nxd4 17. Nxd4 Qxd4 18. Bxg6 Qxd1 19. Bxh7+ Kg7 20. Rxd1 $16) (
16... Ng7 17. Nf3 Nf5 18. Bxf5 Rxf5 {1/2-1/2 Kveinys,A-Gleizerov,E/Slupsk op ;
TD 92\11 1992}) 17. dxe5 Nxe5 18. Nc3 Ng4 19. Qf3 Bd7 20. Nxd5 Qd4 21. Ne6 Bxe6
22. Rxe6 Ne5 23. Qe4 Qxd3 24. Rxe5 Qxe4+ 25. Rxe4 $16 Rac8 26. Kf3 Rf5 27. Ne7+
Bxe7 28. Rxe7 Rb5 29. b3 Rc2 30. Ba3 Nf6 31. Rc1 Rxc1 32. Bxc1 Rc5 33. Bb2 Nd5
34. Rg7+ Kf8 35. Rxb7 Rc2 36. Bg7+ Kg8 37. Rxa7 Rxh2 38. Be5 Nb4 39. a4 Rd2 40.
Rg7+ Kf8 41. Rxh7 Rd3+ 42. Kg4 Rxb3 43. Rb7 1-0

[Event "Ostrava"]
[Site "Ostrava"]
[Date "1992.??.??"]
[Round "10"]
[White "Gipslis, Aivars P"]
[Black "Schmittdiel, Eckhard"]
[Result "1/2-1/2"]
[WhiteElo "2465"]
[BlackElo "2480"]
[Annotator "Knaak,R"]
[PlyCount "45"]
[EventDate "1992.09.??"]
[EventType "tourn"]
[EventRounds "11"]
[EventCountry "CZE"]
[EventCategory "9"]
[SourceTitle "CBM 033"]
[Source "ChessBase"]
[SourceDate "1993.04.01"]
[SourceVersion "1"]
[SourceVersionDate "1993.04.01"]
[SourceQuality "1"]

1. e4 e6 2. d4 d5 3. Nd2 c5 4. Ngf3 Nf6 5. e5 Nfd7 6. c3 Nc6 7. Bd3 Be7 8. O-O
g5 9. Bb5 $5 cxd4 10. Nxd4 Ndxe5 11. Qh5 Bf6 12. f4 gxf4 13. Rxf4 Bd7 14. N2f3
Nxf3+ 15. Rxf3 $146 (15. Qxf3 Ne5 16. Bxd7+ Nxd7 17. Be3 Rg8 18. Re1 Be5 $17
19. Rg4 (19. Rxf7 $2 Bxh2+ 20. Kf1 Ne5 $19) 19... Rg6 20. Bf2 Qf6 21. Rh4 $4
Bxd4 {0-1 Gipslis-Ulibin/URS-chT/1988}) 15... Nxd4 (15... Ne5 $5) 16. Bxd7+
Kxd7 (16... Qxd7 17. Rxf6 $44) 17. Qxf7+ Be7 18. cxd4 Rf8 19. Qh5 $1 (19. Qxh7
$6 Rxf3 20. gxf3 Qg8+ 21. Qxg8 Rxg8+ 22. Kh1 Rc8 $1 23. Be3 Rc2 24. Rb1 Bd6 $17
) 19... Rxf3 (19... Qb6 $6 20. Rb3 Qxd4+ $6 21. Be3 $16 {>< Kd7}) 20. Qxf3 Qb6
21. Qd3 Rf8 22. Be3 h5 23. b3 $14 1/2-1/2

[Event "Interzonal-15"]
[Site "Manila"]
[Date "1990.??.??"]
[Round "8"]
[White "Popovic, Petar"]
[Black "Arencibia Rodriguez, Walter"]
[Result "1-0"]
[WhiteElo "2520"]
[BlackElo "2555"]
[Annotator "Knaak,R"]
[PlyCount "61"]
[EventDate "1990.06.29"]
[EventType "swiss"]
[EventRounds "13"]
[EventCountry "PHI"]
[SourceTitle "CBM 019"]
[Source "ChessBase"]
[SourceDate "1990.12.01"]
[SourceVersion "1"]
[SourceVersionDate "1990.12.01"]
[SourceQuality "1"]

1. e4 e6 2. d4 d5 3. Nd2 Nf6 4. e5 Nfd7 5. c3 c5 6. Bd3 Nc6 7. Ne2 Qb6 8. Nf3
cxd4 9. cxd4 f6 10. exf6 Nxf6 11. O-O Bd6 12. Nc3 O-O 13. Be3 Bd7 14. a3 Rae8
15. Rc1 Re7 16. Ne5 ({RR} 16. b4 Be8 17. Na4 Qd8 18. Nc5 Qb8 19. Qc2 Bh5 20.
Ng5 h6 21. Nh7 Nxh7 22. Bxh7+ Kh8 23. b5 Na5 24. h3 Nc4 25. Bd3 Nxa3 26. Qb3
Nc4 27. Bxc4 dxc4 28. Qxc4 Qe8 29. f4 Qg6 30. Rce1 b6 31. Nd3 Qe8 32. Bd2 Bg6
33. Nb4 Qd7 34. Nc6 Ree8 35. Rf3 Rf5 36. g3 Rd5 37. Rfe3 Bf7 38. Bb4 Bxb4 39.
Qxb4 Rd6 {1-0 Andreev,E-Lundberg,B/Tallinn 1997/EXT 97 (39)}) 16... Be8 17. b4
Bh5 $6 18. g4 $16 Be8 19. Bb1 Qd8 20. f4 a5 21. b5 Na7 22. a4 Ba3 23. Rc2 Nd7
24. Rg2 Nxe5 25. dxe5 Qc7 26. Qd3 Bg6 27. f5 d4 28. Bxd4 Rd7 29. fxg6 Rxd4 30.
gxh7+ Kh8 31. Qxd4 1-0